US Presidents from their First Name - Statistics

General Stats
  • This quiz has been taken 150 times
  • The average score is 42 of 47
Answer Stats
Term Party First name Name % Correct
2 1797-1801 Federalist John Adams
98%
6 1825-1829 National Republican John Quincy Adams
98%
46 2021-2025 Democratic Joe Biden
98%
41 1989-1993 Republican Georges H.W. Bush
98%
43 2001-2009 Republican Georges W. Bush
98%
42 1993-2001 Democratic Bill Clinton
98%
44 2009-2017 Democratic Barack Obama
98%
45 2017-2021 Republican Donald Trump
98%
47 2025- Republican Donald Trump
98%
1 1789-1797 Unaffiliated Georges Washington
98%
40 1981-1989 Republican Ronald Reagan
97%
26 1901-1909 Republican Theodore Roosevelt
97%
32 1933-1945 Democratic Franklin Delano Roosevelt
97%
3 1801-1809 Democratic- Republican Thomas Jefferson
96%
34 1953-1961 Republican Dwight D. Eisenhower
95%
17 1865-1869 Democratic Andrew Johnson
95%
36 1963-1969 Democratic Lyndon B. Johnson
95%
16 1861-1865 Republican Abraham Lincoln
95%
37 1969-1974 Republican Richard Nixon
95%
28 1913-1921 Democratic Woodrow Wilson
95%
39 1977-1981 Democratic Jimmy Carter
94%
35 1961-1963 Democratic John Fitzgerald Kennedy
94%
38 1974-1977 Republican Gerald Ford
92%
31 1929-1933 Republican Herbert Hoover
92%
33 1945-1953 Democratic Harry S. Truman
92%
18 1869-1877 Republican Ulysse S. Grant
89%
7 1829-1837 Democratic Andrew Jackson
89%
30 1923-1929 Republican Calvin Coolidge
88%
22 1885-1889 Democratic Grover Cleveland
87%
24 1893-1897 Democratic Grover Cleveland
87%
4 1809-1817 Democratic- Republican James Madison
86%
9 1841-1841 Whig William Henry Harrison
83%
23 1889-1893 Republican Benjamin Harrison
83%
19 1877-1881 Republican Rutherford B. Hayes
83%
11 1845-1849 Democratic James K. Polk
83%
29 1921-1923 Republican Warren G. Harding
82%
5 1817-1825 Democratic- Republican James Monroe
82%
12 1849-1850 Whig Zachary Taylor
81%
21 1881-1885 Republican Chester A. Arthur
80%
8 1837-1841 Democratic Martin Van Buren
80%
27 1909-1913 Republican William H. Taft
79%
13 1850-1853 Whig Millard Fillmore
77%
20 1881-1881 Republican James A. Garfield
72%
15 1857-1861 Democratic James Buchanan
69%
14 1853-1857 Democratic Franklin Pierce
69%
10 1841-1845 Unaffiliated John Tyler
69%
25 1897-1901 Republican William McKinley
67%
No matching quizzes found
Score Distribution
Percent of People with Each Score
Percentile by Number Answered
Your Score History
You have not taken this quiz